000
00239nam a22001097a 4500
003
SGT
082
_a
340,JON
100
_a
JONS,RICHARD
245
_a
INTERNATIONAL YEAR BOOK ON LAW COMPUTERS &TECHNOLOGY
300
_a
362
942
_2
ddc
_c
BK
999
_c
11234
_d
11234